000 00647nam a22002177a 4500
003 BD-DhSAU
005 20210916121216.0
008 210916b xxu||||| |||| 00| 0 eng d
020 _a978-1-4354-2600-9
_c9965.00
040 _aBD-DhSAU
082 _222
_a636.08951
_bR6648
100 _aRomich, Janet Amundson
245 _aFundamentals of pharmacology for veterinary technicians
260 _aAmerica
_bDelmar Cengage Learning Publishing
_c2010
300 _axx, 716 p.
_bill. ;
_c25 cm.
504 _aAppendix, Glossary
590 _aMd. Sirajul Islam
650 _aPharmacology
700 _aJanet Amundson Romich
942 _2ddc
_cBOOK
999 _c15194
_d15193